00607nam a22002057a 450000500170000001000130001702000220003003500130005203700160006504000120008108200180009310000130011124500630012426000410018727000360022830000240026450000190028865000620030765000320036920170124110049.0 aA-899697 c00.00a8172245548 aA-899697 bCen Lib/Ret aDPLbEN a658.3124bKAM aKamp, Di aThe excellent trainer :cby Di Kampbputting NLP to work / aMumbaibJaico Publishing Housec1998 a121, M. G. RoadbMumbaie400023 axiii,203p.c24cmHb) aIncludes index aEmployee training personnel -- Training of -- Methodology aNeurolinguistic programming